000 006110000a22001930004500
003 LK-CoMWRAF
005 20231213175024.0
008 230817t2003 ||||| |||| 00| 0 eng d
020 _a0521539617
040 _aLK-CoMWRAF
_dLK-CoMWRAF
_eLK-CoMWRAF
041 _aeng
082 _a423
_bCAM
245 _aCambridge Advanced Learner's Dictionary (New)
260 _aCambridge:
_bCambridge University Press,
_c2003
300 _axii, 1550 p., 16 p. of plates : ill. (some col.) ; 24 cm.
650 _aENGLISH LANGUAGE-Dictionaries'.
650 _a English language--Textbooks for foreign speakers.
942 _cBK
999 _c830
_d830